000
00302nam a2200109Ia 4500
008
180205s9999 xx 000 0 und d
020
_a
1557484236
100
_a
Lawrence, Brother
245
4
_a
The practice of the presence of God /
260
_a
USA
_b
Barbour and company Inc,
_c
1993
300
_a
35 pages
999
_c
354757
_d
354757